Độc học môi trường

Đã lưu trong:
Sonraí Bibleagrafaíochta
Príomhúdar: Lê Huy Bá
Formáid: Leabhar
Teanga:Vietnamese
Foilsithe: Đại học Quốc gia Tp.HCM 2000
Clibeanna: Cuir Clib Leis
Gan Chlibeanna, Bí ar an gcéad duine leis an taifead seo a chlibeáil!
Thư viện lưu trữ: Mạng thư viện Đại học Đà Nẵng
LEADER 00709nam a2200253 4500
001 000021941
003 18389
005 20150424080433.0
008 150424s2000 viesd
020 |c 42000 
041 0 |a vie 
082 1 4 |a 571,95  |b LÊ-B 
100 1 |a Lê Huy Bá 
245 1 0 |a Độc học môi trường  |c Lê Huy Bá (chủ biên), Lê Thị Như Hoa, Phan Kim Phương, Đoàn Thái Yên, Nguyễn Lê 
260 |b Đại học Quốc gia Tp.HCM  |c 2000 
300 |a tr.  |c cm. 
OWN |a LSP 
999 |a From the UDN01 
TYP |a Monograph 
TYP |a Printed language 
980 |a Mạng thư viện Đại học Đà Nẵng